<?xml version="1.0" encoding="UTF-8"?>
<record
    xmlns:xsi="http://www.w3.org/2001/XMLSchema-instance"
    xsi:schemaLocation="http://www.loc.gov/MARC21/slim http://www.loc.gov/standards/marcxml/schema/MARC21slim.xsd"
    xmlns="http://www.loc.gov/MARC21/slim">

  <leader>02098nam a22001817a 4500</leader>
  <controlfield tag="008">141110b        xxu||||| |||| 00| 0 eng d</controlfield>
  <datafield tag="020" ind1=" " ind2=" ">
    <subfield code="a">9781566399685</subfield>
  </datafield>
  <datafield tag="050" ind1=" " ind2=" ">
    <subfield code="a">HD9940.N72.F74</subfield>
  </datafield>
  <datafield tag="245" ind1=" " ind2=" ">
    <subfield code="a">Free trade and uneven development:</subfield>
    <subfield code="b">the North American Apparel Industry after NAFTA. /</subfield>
    <subfield code="c">edited by Gary Gereffi, David Spener and Jennifer Bair.</subfield>
  </datafield>
  <datafield tag="260" ind1=" " ind2=" ">
    <subfield code="a">Philadelphia:</subfield>
    <subfield code="b">Temple University Press,</subfield>
    <subfield code="c">2002.</subfield>
  </datafield>
  <datafield tag="300" ind1=" " ind2=" ">
    <subfield code="a">ix, 356p.:</subfield>
    <subfield code="b">ill;</subfield>
    <subfield code="c">25cm.</subfield>
  </datafield>
  <datafield tag="500" ind1=" " ind2=" ">
    <subfield code="a">Includes index</subfield>
  </datafield>
  <datafield tag="505" ind1=" " ind2=" ">
    <subfield code="a">Contents: Analytical overview: Introduction: The apparel industry and North American economic integration -- NAFTA and the apparel commodity chain: Corporate strategies, interfirm networks, and industrial upgrading -- The changing face of the apparel industry in the United States: Subcontracting networks in the new york city garment industry: Changing characteristics in a global era -- The impact of North American economic integration on the Los Angeles apparel industry -- The new sweatshops in the United States: How new, how real, how many, and why? -- Labor's response to global production -- The U.S.-Mexico border region: The unraveling seam: NAFTA and the decline of the apparel industry in El Paso Texas -- Tex mex: Linkages in a bi national garment district? the garment industries in El Paso, and Ciudad Juarez -- Commodity chains and industrial organization in the Appeal industry in Monterrey and Ciudad Juarez -- Interior Mexico: Torreon: The new blue jeans capital of the world -- Learning and the limits of foreign partners as teachers -- Knitting the networks between Mexican producers and the U.S. market -- Fragmented markets, elaborate chains: The retail distribution of imported clothing in Mexico -- Central America and the Caribbean: When does apparel becomes a peril? On the nature of industrialization in the Caribbean basin -- Can the Dominican republic's export-processing zones survive NAFTA? -- Conclusion: NAFTA and uneven development in the North American apparel industry.</subfield>
  </datafield>
  <datafield tag="700" ind1=" " ind2=" ">
    <subfield code="a">Gereffi Gary</subfield>
  </datafield>
  <datafield tag="700" ind1=" " ind2=" ">
    <subfield code="a">Spener David</subfield>
  </datafield>
  <datafield tag="700" ind1=" " ind2=" ">
    <subfield code="a">Bair Jennifer</subfield>
  </datafield>
  <datafield tag="942" ind1=" " ind2=" ">
    <subfield code="2">lcc</subfield>
    <subfield code="c">BK</subfield>
  </datafield>
  <datafield tag="999" ind1=" " ind2=" ">
    <subfield code="c">5256</subfield>
    <subfield code="d">12756</subfield>
  </datafield>
  <datafield tag="952" ind1=" " ind2=" ">
    <subfield code="0">0</subfield>
    <subfield code="1">0</subfield>
    <subfield code="2">lcc</subfield>
    <subfield code="4">0</subfield>
    <subfield code="7">0</subfield>
    <subfield code="a">WIUC-1</subfield>
    <subfield code="b">WIUC-1</subfield>
    <subfield code="c">SPECIAL COLL</subfield>
    <subfield code="d">2014-11-10</subfield>
    <subfield code="l">0</subfield>
    <subfield code="o">HD9940.N72.F74</subfield>
    <subfield code="p">7417/446/13</subfield>
    <subfield code="r">2014-11-10 00:00:00</subfield>
    <subfield code="t">1</subfield>
    <subfield code="w">2014-11-10</subfield>
    <subfield code="y">BK</subfield>
  </datafield>
</record>
